[Event "Wch Seniors 65 26th"]
[Site "Marianske Lazne"]
[Date "2016.11.27"]
[Round "8"]
[White "Zikavsky, Rudolf"]
[Black "Gutt, Gregory"]
[Result "0-1"]
[WhiteElo "1632"]
[BlackElo "1766"]
[PlyCount "103"]
[EventDate "2016.11.19"]
[EventType "swiss"]
[EventRounds "11"]
[EventCountry "CZE"]
[SourceTitle "CBM 175 Extra"]
[Source "ChessBase"]
[SourceDate "2016.12.12"]
[SourceVersion "1"]
[SourceVersionDate "2016.12.12"]
[SourceQuality "1"]

1. d4 d5 2. c4 Nf6 3. Nc3 Bf5 4. f3 e6 5. Be3 c6 6. cxd5 exd5 7. Bf2 Qb6 8. Qd2 Nbd7 9. e3 Bd6 10. Nge2 Qd8 11. Bg3 Nb6 12. b3 0-0 13. Bh4 Re8 14. e4 dxe4 15. fxe4 Bxe4 16. Kd1 Bg6 17. Bg3 Ne4 18. Nxe4 Bxe4 19. Nc3 Bb4 20. a3 Bxc3 21. Qxc3 Nd5 22. Qd2 Ne3+ 23. Kc1 Nf5 24. Be5 f6 25. Bc4+ Bd5 26. Rf1 Bxc4 27. bxc4 fxe5 28. Rb1 Nxd4 29. Rxb7 Re7 30. Qb4 Rxb7 31. Qxb7 Ne2+ 32. Kc2 Nf4 33. Rd1 Qc8 34. Qe7 Qf5+ 35. Kc3 Rb8 36. Rd8+ Rxd8 37. Qxd8+ Qf8 38. Qa5 Qe7 39. g3 Ng6 40. Qa6 Qd7 41. h4 Nf8 42. Qa5 Qd4+ 43. Kb3 Qb6+ 44. Ka4 Nd7 45. Qxb6 axb6 46. Kb4 Kf7 47. g4 Ke6 48. Kc3 Nc5 49. Kd2 e4 50. h5 Ke5 51. Ke3 h6 52. Kd2 0-1

[Event "Wch Seniors 65 26th"]
[Site "Marianske Lazne"]
[Date "2016.11.23"]
[Round "5"]
[White "Gutt, Gregory"]
[Black "Weller, Karl"]
[Result "1/2-1/2"]
[WhiteElo "1766"]
[BlackElo "1969"]
[PlyCount "137"]
[EventDate "2016.11.19"]
[EventType "swiss"]
[EventRounds "11"]
[EventCountry "CZE"]
[SourceTitle "CBM 175 Extra"]
[Source "ChessBase"]
[SourceDate "2016.12.12"]
[SourceVersion "1"]
[SourceVersionDate "2016.12.12"]
[SourceQuality "1"]

1. e4 c5 2. Nf3 d6 3. d4 cxd4 4. Nxd4 Nf6 5. Bd3 e6 6. c3 a6 7. 0-0 Be7 8. Nd2 Nbd7 9. Re1 Qc7 10. a4 b6 11. Nf1 Bb7 12. Ng3 0-0 13. Bc2 Rfe8 14. Be3 Rad8 15. Nf3 Ne5 16. Nxe5 dxe5 17. Qe2 Rd7 18. Rad1 Red8 19. Rxd7 Rxd7 20. f3 Bc5 21. Nf1 Qc6 22. Bxc5 Qxc5+ 23. Qe3 Qc7 24. Rd1 Kf8 25. Rxd7 Nxd7 26. Nd2 a5 27. Kf2 h6 28. g3 Qd6 29. Nc4 Qc7 30. Qd3 Ba6 31. Qd6+ Qxd6 32. Nxd6 Ke7 33. Nb5 Bxb5 34. axb5 Kd6 35. b3 Kc5 36. Bd3 Nf6 37. h3 Ne8 38. Ke2 Nd6 39. Bc2 Kxb5 40. Bd1 Nb7 41. Ke3 Nc5 42. Ke2 a4 43. c4+ Kb4 44. bxa4 Kxc4 45. Kd2 Kb4 46. a5 Kxa5 47. Kc3 Kb5 48. Be2+ Kc6 49. Kb4 f5 50. Kc4 fxe4 51. fxe4 Nd7 52. Kb4 Kd6 53. g4 g5 54. Kb5 Nc5 55. Bf3 Kc7 56. Bg2 Nd3 57. Bf1 Nf4 58. Kb4 Kc6 59. Bb5+ Kd6 60. Bf1 Nd5+ 61. exd5 exd5 62. Kb5 e4 63. Kxb6 d4 64. Bc4 d3 65. Kb5 Ke5 66. Kb4 Kd4 67. Kb3 Ke5 68. Bxd3 Kd4 69. Be2 1/2-1/2

[Event "Wch Seniors 65 26th"]
[Site "Marianske Lazne"]
[Date "2016.11.20"]
[Round "2"]
[White "Gutt, Gregory"]
[Black "Jorgensen, Arne Bjorn"]
[Result "0-1"]
[WhiteElo "1766"]
[BlackElo "1965"]
[PlyCount "104"]
[EventDate "2016.11.19"]
[EventType "swiss"]
[EventRounds "11"]
[EventCountry "CZE"]
[SourceTitle "CBM 175 Extra"]
[Source "ChessBase"]
[SourceDate "2016.12.12"]
[SourceVersion "1"]
[SourceVersionDate "2016.12.12"]
[SourceQuality "1"]

1. d4 f5 2. c4 Nf6 3. Nc3 g6 4. Nf3 Bg7 5. e3 0-0 6. Be2 d6 7. Qb3 c5 8. d5 Na6 9. a3 Nc7 10. Bd2 a6 11. Rd1 Rb8 12. Qb6 Bd7 13. a4 Qc8 14. Qb3 b6 15. Ra1 Qe8 16. Qc2 b5 17. axb5 axb5 18. 0-0 b4 19. Nb1 Ra8 20. Rxa8 Qxa8 21. b3 Ne4 22. Bc1 Ne8 23. Nfd2 N8f6 24. Nxe4 Nxe4 25. f3 Nc3 26. Bd3 Nxb1 27. Qxb1 Qa5 28. Rf2 Ra8 29. Bb2 Bxb2 30. Rxb2 Qa1 31. Kf2 Qxb1 32. Bxb1 Ra1 33. Ke2 Kf7 34. f4 Kf6 35. h4 h6 36. g3 g5 37. hxg5+ hxg5 38. Kd1 Be8 39. Kc1 Ra3 40. Kc2 Bh5 41. Ra2 Rxa2+ 42. Bxa2 Bf3 43. Kc1 gxf4 44. gxf4 Kg6 45. Bb1 Be4 46. Bxe4 fxe4 47. Kd1 Kf5 48. Ke2 Kg4 49. Kf2 Kh3 50. f5 Kh2 51. Kf1 Kg3 52. Ke2 Kg2 0-1